Wszyscy władcy Rosji - Statystyki

Ogólne statystyki
  • Ten quiz został rozwiązany 379 razy
  • Średni wynik to 24 z 48
Statystyki odpowiedzi
Hint Odpowiedź % Poprawnych
1325 r. - 1340 r. Iwan I Kalita
82%
8 lutego 1725 r. - 17 maja 1727 r. Katarzyna I
81%
1924 r. - 1953 r. Józef Stalin
80%
31 grudnia 1999 r. - 7 maja 2008 r. Władimir Putin
80%
7 maja 2012 r. - Obecnie Władimir Putin
80%
1 grudnia 1825 r. - 2 marca 1855 r. Mikołaj I
79%
30 grudnia 1922 r. - 21 stycznia 1924 r. Włodzimierz Lenin
77%
23 marca 1801 r. - 1 grudnia 1825 r. Aleksander I
76%
1 listopada 1894 r. - 15 marca 1917 r. Mikołaj II
76%
7 maja 1682 r. - 2 listopada 1721 r. Piotr I Wielki
76%
2 marca 1855 r. - 13 marca 1881 r. Aleksander II
71%
4 grudnia 1533 r. - 16 stycznia 1547 r. Iwan IV Groźny
69%
16 stycznia 1547 r. - 18 marca 1584 r. Iwan IV Groźny
69%
7 września 1953 r. - 14 października 1964 r. Nikita Chruszczow
68%
13 marca 1881 r. - 1 listopada 1894 r. Aleksander III
66%
1985 r. - 25 grudnia 1991 r. Michaił Gorbaczow
62%
14 października 1964 r. - 10 listopada 1982 r. Leonid Breżniew
59%
17 maja 1727 r. - 30 stycznia 1730 r. Piotr II
58%
9 lipca 1762 r. - 17 listopada 1796 r. Katarzyna II Wielka
55%
5 stycznia 1762 r. - 9 lipca 1762 r. Piotr III
53%
3 marca 1613 r. - 23 lipca 1645 r. Michał I
51%
10 lipca 1991 r. - 31 grudnia 1999 r. Boris Jelcyn
50%
17 listopada 1796 r. - 23 marca 1801 r. Paweł I
49%
1389 r. - 1425 r. Wasyl I
44%
18 marca 1584 r. - 17 stycznia 1598 r. Fiodor I
41%
12 listopada 1982 r. - 9 lutego 1984 r. Jurij Andropow
41%
20 czerwca 1605 r. - 27 maja 1606 r. Dymitr Samozwaniec I
40%
6 grudnia 1741 r. - 5 stycznia 1762 r. Elżbieta Romanowa
38%
1462 r. - 1505 r. Iwan III Srogi
38%
15/26 lutego 1730 r. - 17/28 października 1740 r. Anna Romanowa
37%
27 sierpnia 1610 r. - 5 października 1613 r. Władysław IV
36%
1598 r. - 1605 r. Borys Godunow
35%
23 kwietnia 1605 r. - 7 czerwca 1605 r. Fiodor II
35%
1505 r. - 1533 r. Wasyl III
35%
7 maja 2008 r. - 7 maja 2012 r. Dmitrij Miedwiediew
34%
7 maja 1682 r. - 8 lutego 1696 r. Iwan V
34%
13 lutego 1984 r. - 10 marca 1985 r. Konstantin Czernienko
34%
23 lipca 1645 r. - 8 lutego 1676 r. Aleksy I
33%
8 lutego 1676 r. - 7 maja 1682 r. Fiodor III
33%
17 października/28 października 1740 r. - 25 listopada/6 grudnia 1741 r. Iwan VI
31%
19 maja/29 maja 1606 r. - 17 lipca/27 lipca 1610 r. Wasyl IV Szujski
24%
8 czerwiec 1682 r. - 22 wrzesień 1689 r. Zofia Romanowa
24%
1263 r. - 5 marca 1303 r. Daniel Moskiewski
23%
1359 r. - 19 maja 1389 r. Dymitr Doński
23%
1303 r. - 1325 r. Jerzy I Moskiewski
23%
1425 r. - 1462 r. Wasyl II Ślepy
23%
1353 r. - 1359 r. Iwan II Piękny
21%
1340 r. - 1353 r. Siemion Dumny
17%
Nie znaleziono quizów pasujących do podanych kryteriów
Rozkład punktacji
Procent ludzi z każdym wynikiem
Percentyl według liczby udzielonych odpowiedzi
Twoja historia wyników
Nie rozwiązałeś tego quizu